| 000 | 00646nam a2200193Ia 4500 | ||
|---|---|---|---|
| 003 | GCL | ||
| 008 | 140319s9999 xx 000 0 ara d | ||
| 020 | _a7108514977 | ||
| 040 |
_aGCL / _cGCL |
||
| 082 | 0 | 4 |
_a219.1 _bم م |
| 100 | 1 | _aمحمد الغزالى | |
| 245 | 1 | 0 |
_aمشكلات فى طريق الحياة الاسلامية / _cمحمد الغزالى |
| 260 |
_aالقاهرة : _bنهضة مصر للطباعة والنشر والتوزيع ، _c1996 |
||
| 300 |
_a143 ص ؛ _c24 سم |
||
| 650 | 0 | 4 | _aالاسلام |
| 650 | 0 | 4 | _aالاخلاق الاسلامية |
| 650 | 0 | 4 | _aالاداب الاسلامية |
| 942 |
_2ddc _cBK |
||
| 999 |
_c43591 _d43591 |
||